[Event "Titled Tue 10th Jun Late"]
[Site "chess.com INT"]
[Date "2025.06.10"]
[Round "2"]
[White "Khalafvand, Dorsa Sadat"]
[Black "Shukhman, Anna"]
[Result "0-1"]
[WhiteTitle "WCM"]
[BlackTitle "WGM"]
[WhiteElo "1985"]
[BlackElo "2413"]
[WhiteFideId "36767522"]
[BlackFideId "54180058"]
[EventDate "2025.06.10"]

1. c4 Nf6 2. Nc3 d5 3. cxd5 Nxd5 4. Nf3 g6 5. e4 Nxc3 6. dxc3 Qxd1+ 7. Kxd1 f6
8. e5 Bg4 9. exf6 exf6 10. Be2 Nc6 11. Be3 O-O-O+ 12. Kc2 Bf5+ 13. Kc1 g5 14.
Rd1 Bd6 15. h3 Rhe8 16. Bb5 Bd7 17. Rd2 a6 18. Bd3 h5 19. Kd1 g4 20. hxg4 hxg4
21. Nd4 Ne5 22. Be2 Rh8 23. Kc2 c5 24. Nb3 Bf5+ 25. Kc1 b6 26. Bxa6+ Kc7 27. Be2
Rh2 28. g3 Rdh8 29. a4 Rh1+ 30. Rd1 Rxd1+ 31. Kxd1 c4 32. Nc1 Rh1+ 33. Kd2 Be4
34. a5 bxa5 35. Rxa5 Nf3+ 36. Bxf3 Bxf3 37. Ra4 Bd5 38. Ne2 Rb1 39. Ra5 Bf3 40.
Nd4 Rxb2+ 41. Kc1 Rb8 42. Nb5+ Rxb5 43. Rxb5 Kc6 44. Rf5 Be5 45. Bd4 Kd5 46. Kd2
Ke6 47. Rh5 f5 48. Ke3 Be4 49. Rh8 Bxh8 50. Bxh8 Kd5 51. Bd4 Kc6 52. Kf4 Kb5 53.
Ke5 Ka4 54. Kd6 Kb3 55. Kc5 Bd3 56. Be5 Kc2 57. Bd4 Kd2 58. Kd6 Ke2 59. Ke5 Kf3
60. Kf6 Ke4 61. Kg5 Kf3 62. Kh4 f4 63. gxf4 Kxf4 64. Kh5 Be2 65. Kg6 Kf3 66. Kf5
Bd3+ 67. Kg5 Bc2 68. Be3 Bd1 69. Kf5 g3 70. fxg3 Kxe3 71. g4 Kd3 72. g5 Kxc3 73.
Kf4 Bc2 74. Ke3 Bg6 75. Ke2 Kb2 76. Kd2 c3+ 0-1

[Event "Titled Tue 10th Jun Late"]
[Site "chess.com INT"]
[Date "2025.06.10"]
[Round "2"]
[White "Becking, Stephan"]
[Black "Papasimakopoulos, Alexandros"]
[Result "1/2-1/2"]
[WhiteTitle "IM"]
[BlackTitle "IM"]
[WhiteElo "2410"]
[BlackElo "2366"]
[WhiteFideId "4632478"]
[BlackFideId "4244125"]
[EventDate "2025.06.10"]

1. d4 d5 2. c3 Nf6 3. Nf3 g6 4. Bg5 Bg7 5. Nbd2 h6 6. Bxf6 Bxf6 7. e4 dxe4 8.
Nxe4 Bg7 9. Bd3 Nd7 10. O-O O-O 11. Qb3 c6 12. Rfe1 Qb6 13. Qc2 e5 14. dxe5 Nxe5
15. Nxe5 Bxe5 16. Ng3 Bg7 17. Rad1 Bg4 18. Be2 Be6 19. b3 Rfe8 20. Bf1 a5 21.
Re3 Rad8 22. Rde1 Rf8 23. Bd3 Bc8 24. h3 Qc5 25. Ne4 Qe5 26. Ng3 Qxc3 27. Bxg6
Qxc2 28. Bxc2 Rd2 29. R3e2 Rxe2 30. Rxe2 Be6 31. Nf5 Rd8 32. Nxg7 Kxg7 33. g4 b5
34. f4 Rd4 35. f5 Bd5 36. Kf2 Kf6 37. Ke3 c5 38. Bd3 h5 39. Bxb5 hxg4 40. hxg4
Rxg4 41. Bd3 Rg3+ 42. Kd2 Bc6 43. Rf2 Rg2 44. Rxg2 Bxg2 45. Kc3 Ke5 46. Kc4 Be4
47. Bf1 Bxf5 48. Kxc5 Bd7 49. a4 f5 50. Kb6 Be6 51. Kxa5 Bxb3 52. Kb4 Bd5 53. a5
Kd4 54. a6 f4 55. a7 f3 56. Kb5 f2 57. Kb6 Ke3 58. Kc7 Bf3 59. Kb8 Kd2 60. a8=Q
Bxa8 61. Kxa8 Ke1 62. Bg2 f1=Q 63. Bxf1 1/2-1/2

[Event "Titled Tue 10th Jun Late"]
[Site "chess.com INT"]
[Date "2025.06.10"]
[Round "2"]
[White "Haug, Havard"]
[Black "Elier, Ali"]
[Result "0-1"]
[WhiteTitle "FM"]
[BlackTitle "CM"]
[WhiteElo "2354"]
[BlackElo "2142"]
[WhiteFideId "1547887"]
[BlackFideId "16217543"]
[EventDate "2025.06.10"]

1. e4 c5 2. c3 Nf6 3. e5 Nd5 4. Nf3 Nc6 5. d4 cxd4 6. cxd4 d6 7. Bc4 dxe5 8.
dxe5 Ndb4 9. Qb3 e6 10. O-O Na5 11. Bb5+ Bd7 12. Qa4 Bxb5 13. Qxb5+ Nac6 14. Nc3
a6 15. Qe2 Qd3 16. Bf4 Qxe2 17. Nxe2 Rd8 18. a3 Nd3 19. b4 Be7 20. Rad1 h6 21.
Bg3 g5 22. h3 O-O 23. Nc3 Kg7 24. Ne4 Nb2 25. Rxd8 Rxd8 26. Nd6 Bxd6 27. exd6
Nc4 28. Rd1 e5 29. a4 b5 30. axb5 axb5 31. Rd5 f6 32. Rxb5 Rxd6 33. Rc5 Nb6 34.
b5 Na5 35. Kh2 Rd5 36. Rc7+ Kg6 37. h4 Rxb5 38. hxg5 hxg5 39. Ne1 Nd5 40. Ra7
Nc4 41. Nd3 e4 42. Nc1 e3 43. fxe3 Ncxe3 44. Ne2 Rb2 45. Nd4 Rxg2+ 46. Kh3 Rd2
47. Ne6 Rd1 48. Bf2 Nc2 49. Rd7 Kf5 50. Ng7+ Kf4 51. Kh2 Kf3 52. Bg3 Nce3 53.
Nh5 Rd2+ 54. Kh1 Rd1+ 55. Kh2 Nf1+ 56. Kh3 g4+ 57. Kh4 Nde3 58. Rxd1 Nxd1 59.
Nxf6 Nde3 60. Nxg4 Nxg4 61. Bc7 Nfe3 62. Kg5 Nf5 63. Kg6 Nge3 0-1

[Event "Titled Tue 10th Jun Late"]
[Site "chess.com INT"]
[Date "2025.06.10"]
[Round "2"]
[White "Bouska, Jiri"]
[Black "Harvey, Marcus R"]
[Result "1-0"]
[WhiteTitle "FM"]
[BlackTitle "IM"]
[WhiteElo "2318"]
[BlackElo "2445"]
[WhiteFideId "23722223"]
[BlackFideId "400092"]
[EventDate "2025.06.10"]

1. e4 c6 2. d4 d5 3. exd5 cxd5 4. Bd3 Nc6 5. c3 Nf6 6. h3 g6 7. Nf3 Bf5 8. Be2
Bg7 9. Bf4 Ne4 10. Nbd2 O-O 11. O-O Qb6 12. Qb3 Nxd2 13. Nxd2 Qxb3 14. Nxb3 b6
15. Bb5 Bd7 16. Rfe1 e6 17. a4 Rfd8 18. Bc7 Rdc8 19. Bd6 Bf8 20. Bxf8 Kxf8 21.
a5 Ke7 22. axb6 axb6 23. f4 Kd6 24. Kf2 Rcb8 25. Ke3 Na5 26. Nxa5 bxa5 27. Bxd7
Kxd7 28. Ra2 Rb5 29. Rea1 Rab8 30. Rxa5 Rxa5 31. Rxa5 Rxb2 32. Ra7+ Ke8 33. Ra8+
Ke7 34. Ra7+ Kf6 35. g4 Rh2 36. Rc7 Rxh3+ 37. Kf2 h5 38. g5+ Kg7 39. c4 Rc3 40.
c5 Rd3 41. c6 Rxd4 42. Ke3 Re4+ 43. Kf3 Rc4 44. Rc8 Rc3+ 45. Ke2 h4 46. Kd2 Rc4
47. Ke3 h3 48. Kf3 h2 49. Kg2 Rxf4 50. Kxh2 Rc4 51. Kg3 f6 52. Rc7+ Kf8 53. gxf6
e5 54. Rc8+ Kf7 55. c7 e4 56. Rh8 Rxc7 57. Rh7+ Kxf6 58. Rxc7 Ke5 59. Re7+ Kd4
60. Kf4 g5+ 61. Kg3 Ke3 62. Kg4 d4 63. Kf5 d3 64. Rxe4+ Kf3 65. Rd4 1-0

[Event "Titled Tue 10th Jun Late"]
[Site "chess.com INT"]
[Date "2025.06.10"]
[Round "2"]
[White "Anhwere, Bernard"]
[Black "Rees, Ioan"]
[Result "1-0"]
[WhiteTitle "CM"]
[BlackTitle "FM"]
[WhiteElo "1906"]
[BlackElo "2280"]
[WhiteFideId "12600580"]
[BlackFideId "1801236"]
[EventDate "2025.06.10"]

1. d4 Nf6 2. c4 g6 3. Nf3 c5 4. d5 Bg7 5. Nc3 d6 6. g3 e6 7. Bg2 exd5 8. Nxd5
Nxd5 9. cxd5 O-O 10. O-O Re8 11. Re1 Nd7 12. Qb3 Qb6 13. Bf4 Qxb3 14. axb3 Bxb2
15. Ra2 Be5 16. Nxe5 Nxe5 17. Rc1 a6 18. Rb2 b5 19. Ra1 Bb7 20. Rd2 c4 21. bxc4
Nxc4 22. Rc2 f6 23. e4 Rac8 24. f3 Ne5 25. Rac1 Rxc2 26. Rxc2 Rc8 27. Ra2 Rc7
28. h4 Bc8 29. Kh2 b4 30. Be3 b3 31. Rb2 Nc4 32. Rxb3 Nxe3 33. Rxe3 a5 34. Rb3
a4 35. Rb8 Kf7 36. Ra8 Bd7 37. Bh3 Bxh3 38. Kxh3 Rc3 39. Rxa4 Rxf3 40. Ra7+ Kg8
41. Kg4 Rb3 42. Rd7 Rb6 43. Kf4 h6 44. g4 Ra6 45. h5 gxh5 46. gxh5 Kf8 47. Kf5
Ke8 48. Rb7 Ra1 49. Kxf6 Rh1 50. Ke6 Kf8 51. Kxd6 Rxh5 52. e5 Rh1 53. e6 Re1 54.
Rh7 Kg8 55. Rxh6 Kg7 56. Rh2 Kg6 57. Rf2 Kg5 58. e7 Kg6 59. Kd7 Rd1 60. d6 Rd5
61. e8=Q+ Kg5 62. Qe3+ Kg4 63. Qf3+ Kh4 64. Qxd5 Kg3 65. Qf3+ Kh4 66. Qg2 Kh5
67. Rf1 Kh6 68. Rh1# 1-0

[Event "Titled Tue 10th Jun Late"]
[Site "chess.com INT"]
[Date "2025.06.10"]
[Round "2"]
[White "Popov, Tikhon"]
[Black "Ernst, Luca"]
[Result "0-1"]
[WhiteTitle "CM"]
[BlackTitle "FM"]
[WhiteElo "2173"]
[BlackElo "2215"]
[WhiteFideId "24252026"]
[BlackFideId "45117055"]
[EventDate "2025.06.10"]

1. Nf3 g6 2. g3 Bg7 3. Bg2 e5 4. e4 Ne7 5. d4 exd4 6. Nxd4 Nbc6 7. Be3 O-O 8.
Nc3 d6 9. O-O Ne5 10. Qe2 Ng4 11. Rad1 Nxe3 12. Qxe3 Nc6 13. Nxc6 bxc6 14. f4
Rb8 15. b3 Bg4 16. Rd2 Qf6 17. Ne2 c5 18. c4 Bxe2 19. Qxe2 Qc3 20. Rd3 Qb2 21.
Rd2 Qc3 22. Kh1 a5 23. Rd3 Qb2 24. Rd2 Qc3 25. Rc2 Qf6 26. Qd3 Qd4 27. Qf3 a4
28. Rd1 Qf6 29. h4 axb3 30. axb3 h5 31. Rd3 Qa1+ 32. Kh2 Bd4 33. Rd1 Rxb3 34.
Rxa1 Rxf3 35. Ra7 Rb3 36. Rxc7 Bc3 37. Rd7 Be1 38. Rxd6 Bxg3+ 39. Kg1 Bxf4 40.
Rd5 Be3+ 41. Kh2 Bf4+ 42. Kg1 Be3+ 43. Kh2 Bd4 44. Re2 Re8 45. e5 Re3 46. Rxe3
Bxe3 47. Kg3 Bd4 48. Kf4 Bf2 49. Kg5 Kg7 50. Kf4 Bg1 51. Ke4 f6 52. Bh3 Bd4 53.
Rd7+ Kh6 54. e6 f5+ 55. Kd5 g5 56. e7 g4 57. Bf1 f4 58. Ke6 Kg7 59. Rd8 Rxe7+
60. Kxe7 Bf6+ 61. Kd7 Bxd8 62. Kxd8 f3 63. Ke7 g3 0-1

[Event "Titled Tue 10th Jun Late"]
[Site "chess.com INT"]
[Date "2025.06.10"]
[Round "2"]
[White "Demchenko, Svitlana"]
[Black "Garcia Hernandez, Rebeca"]
[Result "1/2-1/2"]
[WhiteTitle "WIM"]
[BlackTitle "WCM"]
[WhiteElo "2135"]
[BlackElo "1904"]
[WhiteFideId "14149893"]
[BlackFideId "5180872"]
[EventDate "2025.06.10"]

1. Nf3 Nf6 2. g3 g6 3. Bg2 Bg7 4. O-O O-O 5. d3 d5 6. Nbd2 Nbd7 7. e4 e5 8. b3
c6 9. Bb2 Re8 10. Ne1 Qc7 11. Rb1 b6 12. f4 Bb7 13. fxe5 Nxe5 14. d4 Neg4 15.
Rf4 Ne3 16. Qf3 Nxg2 17. Nxg2 Nxe4 18. Nxe4 dxe4 19. Rxe4 c5 20. Rxe8+ Rxe8 21.
Qf2 cxd4 22. Rf1 Rf8 23. Bxd4 Bxd4 24. Qxd4 Qxc2 25. Qf2 Qc6 26. h4 h5 27. Re1
a5 28. Re7 Qc1+ 29. Kh2 Qc6 30. Qe2 a4 31. b4 b5 32. a3 Rc8 33. Qf2 Rf8 34. Qd2
Rc8 35. Qf2 Rf8 36. Re5 Qxg2+ 37. Qxg2 Bxg2 38. Kxg2 Rc8 39. Rxb5 Rc2+ 40. Kf1
Rc3 41. Ra5 Rxa3 42. b5 Rb3 43. Rxa4 Rxb5 44. Kf2 Kg7 45. Kf3 Rb3+ 46. Kf4 Rb7
47. Ra6 Re7 48. Kf3 Rd7 49. Rc6 Rd3+ 50. Kf4 Ra3 51. Rd6 Ra4+ 52. Kf3 Ra3+ 53.
Kg2 f6 54. Re6 g5 55. hxg5 fxg5 56. Rd6 Rb3 57. Rd7+ Kg6 58. Rd5 h4 59. gxh4
gxh4 60. Rc5 Ra3 61. Kh2 Rb3 62. Rd5 Rc3 63. Rb5 Rd3 64. Ra5 Re3 65. Rd5 Rc3 66.
Re5 h3 67. Rb5 Kh6 68. Re5 Kg6 69. Rd5 Kh6 70. Ra5 Kg6 71. Rd5 Kh6 72. Rb5 Kg6
73. Re5 Kh6 74. Rd5 Kg6 75. Re5 Kf6 76. Rd5 Kg6 77. Re5 1/2-1/2

[Event "Titled Tue 10th Jun Late"]
[Site "chess.com INT"]
[Date "2025.06.10"]
[Round "2"]
[White "Kleimenov, Nikolay"]
[Black "Movahed, Sina"]
[Result "0-1"]
[WhiteTitle "CM"]
[BlackTitle "GM"]
[WhiteElo "2199"]
[BlackElo "2544"]
[WhiteFideId "34414223"]
[BlackFideId "42520835"]
[EventDate "2025.06.10"]

1. e4 c5 2. Nf3 e6 3. d4 cxd4 4. Nxd4 Nf6 5. Nc3 Nc6 6. Nxc6 bxc6 7. e5 Nd5 8.
Ne4 Qc7 9. f4 Rb8 10. c4 Bb4+ 11. Ke2 O-O 12. a3 Be7 13. cxd5 cxd5 14. Nd6 f6
15. Nxc8 Rfxc8 16. exf6 Bxf6 17. Rb1 d6 18. Kf3 Qf7 19. Bd3 e5 20. Bf5 Rc4 21.
g3 Rd4 22. Qe2 Qh5+ 23. Bg4 Qg6 24. Be3 Rb3 25. Kf2 Rxe3 26. Be6+ Kf8 27. Qxe3
Qc2+ 28. Kg1 Qxb1+ 29. Kg2 Qxb2+ 30. Kh3 exf4 31. Qf3 Qc2 32. Qh5 Qg6 33. Qxg6
hxg6 34. gxf4 Ke7 35. Re1 Rxf4 36. Bxd5+ Be5 37. Rb1 Kf6 38. Rb3 g5 39. Kg2 Rd4
40. Rf3+ Bf4 41. Bb3 Rd2+ 42. Rf2 Rxf2+ 43. Kxf2 Bxh2 44. Kf3 Ke5 45. Kg4 Bf4
46. Kf3 d5 47. Ba2 Kd4 48. Bb3 Kc5 49. Ba2 Bc1 50. a4 d4 51. Ke4 Be3 52. Kd3 g4
53. Be6 g3 54. Bh3 Kb4 55. Bg2 Kxa4 56. Kc4 Ka3 57. Be4 Kb2 58. Kb4 d3 59. Bxd3
g2 60. Ka4 g1=Q 61. Bc2 Qg5 62. Bb3 Qc5 0-1

[Event "Titled Tue 10th Jun Late"]
[Site "chess.com INT"]
[Date "2025.06.10"]
[Round "2"]
[White "Bongo Akanga Ndjila, Barthelemy"]
[Black "Sliwicki, Damian"]
[Result "0-1"]
[WhiteTitle "CM"]
[BlackTitle "CM"]
[WhiteElo "1847"]
[BlackElo "2161"]
[WhiteFideId "10609431"]
[BlackFideId "1127128"]
[EventDate "2025.06.10"]

1. d4 Nf6 2. Nf3 g6 3. e3 Bg7 4. Bd3 O-O 5. O-O c5 6. b4 cxb4 7. a3 bxa3 8. Bxa3
d6 9. c4 Nc6 10. Ra2 e5 11. Nbd2 Re8 12. d5 Ne7 13. e4 Nh5 14. c5 dxc5 15. Bxc5
b6 16. Ba3 Nf4 17. Bb5 Bd7 18. Bxd7 Qxd7 19. Nc4 Qg4 20. g3 Nfxd5 21. Ncxe5 Bxe5
22. Nxe5 Qxd1 23. Rxd1 Nc3 24. Rad2 Nxd1 25. Rxd1 Rac8 26. Rd7 Kf8 27. Rxa7 f6
28. Nd7+ Kf7 29. Nxb6 Rc2 30. Nd5 Ra2 31. Rxe7+ Rxe7 32. Bxe7 f5 33. f3 fxe4 34.
fxe4 Re2 35. Bg5 Rxe4 36. Nf4 Re5 37. Bh6 g5 38. Nh3 g4 39. Nf4 Ra5 40. Kf2 Ra2+
41. Ne2 Kg6 42. Bf4 h5 43. Ke3 Ra3+ 44. Ke4 Ra4+ 45. Nd4 Ra2 46. Be3 Rxh2 47.
Ne6 Ra2 48. Nf4+ Kg5 49. Ne6+ Kg6 50. Nf4+ Kh6 51. Nd3+ Kh7 52. Nf4 Ra5 53. Bd4
Kh6 54. Be5 Kg5 55. Ne6+ Kg6 56. Nd4 Ra3 57. Kd5 Re3 58. Bf4 Re8 59. Ne6 Kf6 60.
Ng5 Kf5 0-1

[Event "Titled Tue 10th Jun Late"]
[Site "chess.com INT"]
[Date "2025.06.10"]
[Round "2"]
[White "Rustamov, Rustam"]
[Black "Jarmula, Lukasz"]
[Result "0-1"]
[WhiteTitle "FM"]
[BlackTitle "GM"]
[WhiteElo "2334"]
[BlackElo "2440"]
[WhiteFideId "13440110"]
[BlackFideId "1160664"]
[EventDate "2025.06.10"]

1. e4 c5 2. Nf3 g6 3. d4 cxd4 4. Nxd4 Nc6 5. c4 Nf6 6. Nc3 Nxd4 7. Qxd4 d6 8.
Be2 Bg7 9. O-O O-O 10. Qd3 a6 11. Be3 Bd7 12. Bd4 b5 13. cxb5 axb5 14. Nxb5 Bxb5
15. Qxb5 Nxe4 16. Bxg7 Kxg7 17. Qd3 d5 18. Bf3 Nf6 19. Rfe1 e6 20. b4 Qb6 21. a3
h5 22. Qe3 Qxe3 23. fxe3 Nd7 24. e4 d4 25. e5 Ra7 26. Bc6 Nb6 27. Red1 Rc8 28.
b5 Ra4 29. Rd3 f6 30. Re1 Rd8 31. exf6+ Kxf6 32. Be4 Nc4 33. Rf3+ Kg7 34. Rg3
Rxa3 35. Rxg6+ Kf7 36. Rf1+ Ke7 37. Rg7+ Kd6 38. Rd1 Ke5 39. Bf3 d3 40. Rc7 Ne3
41. Rd2 Kd4 42. Rc1 e5 43. Bc6 e4 44. Re1 Rc3 45. h3 Rc2 46. Rxc2 dxc2 47. Rc1
Kc3 48. Bxe4 Rd1+ 49. Kf2 Rxc1 50. b6 Rf1+ 51. Kg3 c1=Q 52. Kh4 Nf5+ 53. Kxh5
Qg5+ 54. Kxg5 Nd6 55. Bf3 Rb1 56. h4 Rxb6 57. h5 Nf7+ 58. Kf5 Nh6+ 59. Kg5 Kd4
60. Be2 Ke5 61. Bd3 Nf7+ 62. Kg4 Rb4+ 63. Kg3 Rb3 0-1

[Event "Titled Tue 10th Jun Late"]
[Site "chess.com INT"]
[Date "2025.06.10"]
[Round "2"]
[White "Andrade, Ivan"]
[Black "Garzon Zapatanga, Christopher Leonel"]
[Result "1-0"]
[WhiteTitle "FM"]
[BlackTitle "FM"]
[WhiteElo "2144"]
[BlackElo "2155"]
[WhiteFideId "14800039"]
[BlackFideId "3634787"]
[EventDate "2025.06.10"]

1. e4 c5 2. Nf3 d6 3. d4 cxd4 4. Nxd4 Nf6 5. Nc3 a6 6. f3 e5 7. Nb3 Be6 8. Be3
Be7 9. Qd2 Nbd7 10. g4 b5 11. a4 b4 12. Nd5 Bxd5 13. exd5 Nb6 14. Bg1 h6 15. f4
O-O 16. a5 Nbd7 17. O-O-O Nxg4 18. h3 Ngf6 19. Kb1 Ne4 20. Qxb4 Nec5 21. Bxc5
Nxc5 22. fxe5 Rb8 23. Qc3 Nxb3 24. cxb3 dxe5 25. Bc4 Bf6 26. Rhg1 Qd6 27. Qe3
Kh8 28. Rdf1 Bg5 29. Qe4 g6 30. h4 f5 31. Qe1 Bf4 32. Qe2 Kh7 33. Rf2 e4 34.
Rfg2 Rf6 35. Rf1 Be5 36. h5 Rg8 37. hxg6+ Rgxg6 38. Rxg6 Kxg6 39. Qg2+ Kh7 40.
Rg1 Rf8 41. Qh3 Qf6 42. Rh1 f4 43. Qg2 f3 44. Qc2 Qf5 45. Re1 f2 46. Rf1 e3 47.
Bd3 Kg6 48. Bxf5+ Rxf5 49. Qe2 Bd4 50. Kc2 Rxd5 51. Qg4+ Kf6 52. Qf3+ Ke5 53.
Qh5+ Ke4 54. Qg6+ Kf3 55. Qh5+ Ke4 56. Qg4+ Ke5 57. Qg3+ Ke4 58. Rh1 Rf5 59.
Rh4+ Kd5 60. Qg8+ Ke5 61. Qe8+ Kf6 62. Rxh6+ Kg5 63. Qg6+ Kf4 64. Rh4+ Kf3 65.
Qxf5+ Ke2 66. Qg4+ Ke1 67. Qd1# 1-0

[Event "Titled Tue 10th Jun Late"]
[Site "chess.com INT"]
[Date "2025.06.10"]
[Round "2"]
[White "Gattani, Sarthak"]
[Black "Kalyani Sirin"]
[Result "1-0"]
[BlackTitle "WFM"]
[WhiteElo "1944"]
[BlackElo "2138"]
[WhiteFideId "30995965"]
[BlackFideId "33323500"]
[EventDate "2025.06.10"]

1. d4 Nf6 2. c4 g6 3. Nc3 d5 4. Nf3 Bg7 5. Qb3 dxc4 6. Qxc4 Nbd7 7. e4 O-O 8.
Be2 Re8 9. O-O e5 10. d5 Nb6 11. Qd3 c6 12. dxc6 Qxd3 13. Bxd3 bxc6 14. h3 Be6
15. b3 Rad8 16. Rd1 Nh5 17. Be3 Nf4 18. Bxf4 exf4 19. Rac1 Rd7 20. Bf1 Rxd1 21.
Nxd1 Bd7 22. Bd3 Rd8 23. Be2 Be8 24. Nc3 h6 25. Kf1 g5 26. Ke1 Bf8 27. Rd1 Rxd1+
28. Kxd1 Bb4 29. Kc2 f6 30. Nd4 Bd7 31. f3 Kf7 32. Bd3 h5 33. Nce2 Nc8 34. Kb2
Nd6 35. a3 Bc5 36. b4 Bb6 37. Kc3 Ke7 38. Nb3 Nf7 39. Ned4 Ne5 40. Be2 g4 41.
hxg4 hxg4 42. a4 g3 43. a5 Bc7 44. Nc5 Bh3 45. Bf1 Bc8 46. Nd3 Bd6 47. Nxe5 Bxe5
48. Bc4 Kd6 49. Kd3 c5 50. Nb5+ Kd7 51. bxc5 a6 52. Nd4 Bb7 53. Bd5 Kc7 54. Ne6+
Kc8 55. Bxb7+ Kxb7 56. Kc4 Kc6 57. Ng7 Kc7 58. Nf5 Kc6 59. Nd4+ Kb7 60. Kd5 Kc7
61. Ne6+ Kb7 62. c6+ Kc8 63. Nc5 Kb8 64. Nxa6+ Ka7 65. Nc5 Bc7 66. Ne6 Bxa5 67.
Nxf4 Bc7 68. Ne6 Bb8 69. f4 Kb6 70. e5 fxe5 71. fxe5 1-0

[Event "Titled Tue 10th Jun Late"]
[Site "chess.com INT"]
[Date "2025.06.10"]
[Round "2"]
[White "Barria, Jose"]
[Black "Wang, Michael"]
[Result "1-0"]
[WhiteTitle "FM"]
[WhiteElo "2371"]
[BlackElo "1868"]
[WhiteFideId "1939300"]
[BlackFideId "30920531"]
[EventDate "2025.06.10"]

1. d4 d5 2. c4 dxc4 3. Nf3 Nf6 4. e3 e6 5. Bxc4 a6 6. O-O c5 7. Nbd2 Nc6 8. dxc5
Bxc5 9. a3 O-O 10. b4 Be7 11. Bb2 b6 12. Bb3 Bb7 13. Rc1 Rc8 14. Qe2 Qd6 15.
Rfd1 Qb8 16. Nc4 b5 17. Nce5 Qa8 18. Nd7 Rfd8 19. Nb6 Qb8 20. Nxc8 Rxc8 21. Nd4
Ne5 22. h3 Ba8 23. Rxc8+ Qxc8 24. Nxe6 Nc4 25. Nf4 Qb7 26. Bxc4 bxc4 27. Qxc4 g5
28. Bxf6 gxf4 29. e4 Bxf6 30. Rd6 Be5 31. Rd5 Qb8 32. Rxe5 Qxe5 33. Qc8+ Kg7 34.
Qxa8 Qa1+ 35. Kh2 Qxa3 36. Qb8 Qc1 37. Qe5+ Kg6 38. Qf5+ Kg7 39. h4 h6 40. h5
Qd2 41. Qe5+ Kg8 42. Qc5 Kg7 43. f3 Kg8 44. Qc8+ Kg7 45. Qc5 Kg8 46. Qe7 Qf2 47.
Qd8+ Kh7 48. Qd3 Qg3+ 49. Kg1 Qe1+ 50. Qf1 Qg3 51. Qd1 Qh4 52. Qc1 Qg5 53. Qd2
Qe5 54. Kf1 Qa1+ 55. Kf2 Qe5 56. Kg1 Kg7 57. Qd5 Qxd5 58. exd5 Kf6 59. Kf2 Ke5
60. Ke2 Kxd5 61. Kd3 f5 62. Kc3 Kc6 63. Kc4 Kb6 64. Kc3 Kb5 65. Kb3 Kb6 66. Kc4
Kc6 67. Kd4 Kb5 68. Kc3 Kc6 69. Kb3 Kb5 70. Ka3 Kb6 71. Ka4 Kc6 72. Ka5 Kb7 73.
b5 1-0

[Event "Titled Tue 10th Jun Late"]
[Site "chess.com INT"]
[Date "2025.06.10"]
[Round "2"]
[White "Ozen, Batuhan"]
[Black "Grutter, Tim"]
[Result "0-1"]
[WhiteTitle "CM"]
[BlackTitle "IM"]
[WhiteElo "2128"]
[BlackElo "2404"]
[WhiteFideId "6345123"]
[BlackFideId "1057472"]
[EventDate "2025.06.10"]

1. d4 g6 2. e4 Bg7 3. Nc3 d6 4. f4 a6 5. Nf3 b5 6. Bd3 Bb7 7. O-O b4 8. Ne2 Nf6
9. e5 Nd5 10. c4 bxc3 11. Nxc3 O-O 12. Qb3 Nb6 13. Be3 Nc6 14. Rad1 e6 15. Ne4
Na5 16. Qc2 Bxe4 17. Bxe4 d5 18. Bd3 Qb8 19. Nd2 Rc8 20. b4 Nac4 21. Nxc4 dxc4
22. Bxc4 Bf8 23. Bb3 Bxb4 24. f5 Nd5 25. Bh6 Bf8 26. fxe6 fxe6 27. Qc6 Qb6 28.
Bxd5 exd5 29. Qxd5+ Kh8 30. Bxf8 Rxf8 31. Rxf8+ Rxf8 32. e6 Re8 33. Qe5+ Kg8 34.
Re1 Re7 35. Qf6 Qd6 36. Qe5 Qxe5 37. Rxe5 c6 38. Kf2 Kg7 39. g4 h6 40. h4 g5 41.
hxg5 hxg5 42. Rxg5+ Kf6 43. Re5 Kg6 44. Ke3 Kf6 45. g5+ Kg6 46. Ke4 Kg7 47. d5
cxd5+ 48. Kxd5 Kf8 49. Kd6 Ke8 50. Rc5 Kd8 51. g6 Rb7 52. Rc6 Rb4 53. Rxa6 Rd4+
54. Ke5 Rd1 55. Kf6 Rf1+ 56. Kg7 Ke7 57. Kg8 Rf8+ 58. Kh7 Rf1 59. Rb6 Rh1+ 60.
Kg7 Ra1 61. Rb7+ Kxe6 62. Kf8 Rf1+ 63. Rf7 Rb1 64. Re7+ Kf6 65. g7 Rb8+ 66. Re8
Rb7 67. g8=Q Rd7 68. Rd8 Rxd8# 0-1

[Event "Titled Tue 10th Jun Late"]
[Site "chess.com INT"]
[Date "2025.06.10"]
[Round "2"]
[White "Duarte Cramer, Lily Jeanette"]
[Black "Brezis, Ari"]
[Result "0-1"]
[WhiteTitle "WCM"]
[BlackTitle "CM"]
[WhiteElo "1828"]
[BlackElo "2179"]
[WhiteFideId "29620180"]
[BlackFideId "2858541"]
[EventDate "2025.06.10"]

1. d4 Nf6 2. c4 c5 3. d5 e6 4. Nc3 exd5 5. cxd5 d6 6. e4 g6 7. Bd3 Bg7 8. h3 O-O
9. Nf3 Re8 10. O-O a6 11. a4 Nbd7 12. Re1 Ne5 13. Nxe5 Rxe5 14. Bf4 Re8 15. Qc2
Qc7 16. f3 Nd7 17. Nd1 Ne5 18. Ne3 Bd7 19. b3 Nxd3 20. Qxd3 Bxa1 21. Rxa1 b5 22.
Rc1 Qb6 23. Kh1 Qd8 24. Bxd6 Bxh3 25. Bxc5 Bd7 26. axb5 Bxb5 27. Qd4 Rc8 28. b4
h5 29. g4 Qg5 30. gxh5 Re5 31. Rg1 Qxh5+ 32. Kg2 Rg5+ 33. Ng4 f5 34. Rh1 Rxg4+
35. fxg4 Qxg4+ 36. Kf2 Qe2+ 37. Kg3 Qg4+ 38. Kf2 Qf4+ 39. Kg2 Qxe4+ 40. Qxe4
fxe4 41. Re1 Bd3 42. Kg3 Kf7 43. Kf4 Kf6 44. Bd4+ Ke7 45. Ke5 Rg8 46. Bc5+ Kd7
47. Rg1 g5 48. Kd4 g4 49. Rg3 Rg5 50. Bb6 Bc2 51. Bc5 Rg6 52. Ba7 Rg5 53. Bc5
Bd1 54. Kxe4 Bf3+ 55. Kd4 Rxd5+ 56. Ke3 Kc6 57. Kf4 Rd3 58. Kg5 Kb5 59. Kh4 Rd5
60. Rg1 a5 61. Bf8 axb4 62. Rb1 Rd4 63. Kg3 Ka4 64. Kf2 b3 65. Ra1+ Kb5 66. Rb1
Kc4 67. Rc1+ Kd3 68. Rb1 Kc2 69. Re1 b2 70. Bg7 Rd2+ 71. Ke3 b1=Q 0-1

[Event "Titled Tue 10th Jun Late"]
[Site "chess.com INT"]
[Date "2025.06.10"]
[Round "2"]
[White "Zlatin, Alexander"]
[Black "Tristan, Leonardo"]
[Result "0-1"]
[WhiteTitle "FM"]
[BlackTitle "GM"]
[WhiteElo "2313"]
[BlackElo "2536"]
[WhiteFideId "2810549"]
[BlackFideId "113816"]
[EventDate "2025.06.10"]

1. e4 d5 2. exd5 Qxd5 3. Nc3 Qa5 4. d4 Nf6 5. Bd2 Bg4 6. Be2 Bxe2 7. Qxe2 e6 8.
Nf3 Qa6 9. Nb5 Qb6 10. a4 c6 11. a5 Qd8 12. Nc3 Be7 13. O-O O-O 14. Ne4 Nxe4 15.
Qxe4 Nd7 16. c4 Nf6 17. Qe3 Qc7 18. Bc3 Rfe8 19. Ne5 Nd7 20. f4 f5 21. Rae1 Nf6
22. Nd3 Bd6 23. g3 Qf7 24. Bb4 Bc7 25. Nc5 Bxa5 26. Bxa5 b6 27. Bxb6 axb6 28.
Nd3 Ng4 29. Qf3 Qd7 30. d5 exd5 31. cxd5 Qxd5 32. Qxd5+ cxd5 33. Nb4 Ne3 34. Rf3
d4 35. Nc6 Nc2 36. Rxe8+ Rxe8 37. Rd3 Re1+ 38. Kf2 Rb1 39. Nxd4 Nxd4 40. Rxd4
Rxb2+ 41. Kf3 Rxh2 42. Rb4 Rh6 43. Rb5 Rf6 44. Ke3 h6 45. Kd4 Kh7 46. Ke5 Kg6
47. Rb3 Kh5 48. Rc3 Kg4 49. Rc7 Rg6 50. Rb7 Kxg3 51. Kxf5 Rg4 52. Rxb6 Rxf4+ 53.
Ke5 Rf6 54. Rb7 Rg6 55. Kf5 Rg5+ 56. Ke4 h5 57. Rb3+ Kg4 58. Rb1 h4 59. Rg1+ Kh5
60. Rh1 Rg3 61. Kf4 g5+ 62. Kf5 Rf3+ 63. Ke4 Rf4+ 64. Ke3 Kg6 65. Ra1 Rf6 66.
Ke4 g4 67. Ra8 g3 68. Rg8+ Kh5 69. Rh8+ Kg4 70. Rg8+ Kh3 71. Ke3 g2 72. Ke2 Rf1
73. Ke3 g1=Q+ 74. Rxg1 Rxg1 75. Kf4 Rg3 76. Kf5 Kg2 77. Kf4 h3 78. Ke4 h2 79.
Kf5 h1=Q 80. Kf4 Qh4+ 81. Kf5 Rg5+ 82. Kf6 Qh6+ 83. Kf7 Rg7+ 84. Kf8 Qh8# 0-1